[Event "GER-chT U16"]
[Site "Kiel"]
[Date "2022.07.24"]
[Round "4.1"]
[White "Ho, Ngoc Hai Dang"]
[Black "Toval, David"]
[Result "0-1"]
[WhiteElo "1826"]
[BlackElo "1830"]
[PlyCount "114"]
[EventDate "2022.07.22"]
[EventType "team-swiss"]
[EventRounds "7"]
[EventCountry "GER"]
[SourceTitle "CBM 209 Extra"]
[Source "ChessBase"]
[SourceDate "2022.09.30"]
[SourceVersion "1"]
[SourceVersionDate "2022.09.30"]
[SourceQuality "1"]
[WhiteTeam "Berlin Mattnetz"]
[BlackTeam "Muenster"]
[WhiteTeamCountry "GER"]
[BlackTeamCountry "GER"]

1. e4 c5 2. Nf3 d6 3. d4 cxd4 4. Nxd4 Nf6 5. Nc3 a6 6. Bc4 e6 7. Be3 Be7 8. f3 Qc7 9. Bb3 Bd7 10. Qd2 Nc6 11. 0-0 0-0 12. Rad1 Rad8 13. Qf2 Rc8 14. Nce2 b5 15. Qg3 Rfd8 16. Bh6 Ne8 17. Nxc6 Bxc6 18. Nf4 Bd7 19. Kh1 Kh8 20. Bg5 Bxg5 21. Qxg5 Qc5 22. Qxc5 dxc5 23. c4 Bc6 24. e5 Nc7 25. Kg1 bxc4 26. Bxc4 Bb5 27. b3 Nd5 28. Nxd5 exd5 29. Bd3 Kg8 30. a4 Bxd3 31. Rxd3 c4 32. bxc4 Rxc4 33. Ra1 Kf8 34. Kf2 Ke7 35. Ke3 Ke6 36. f4 Rb8 37. Rad1 Rc5 38. Rd4 a5 39. R1d2 Rb3+ 40. R2d3 Rb2 41. Rd2 Rb7 42. g3 h5 43. h3 Rb3+ 44. R2d3 Rb1 45. Rd1 Rc3+ 46. R1d3 Rxd3+ 47. Rxd3 Rh1 48. h4 Ra1 49. Rd4 Ra3+ 50. Kf2 f6 51. exf6 gxf6 52. f5+ Ke5 53. Rf4 d4 54. Ke2 Rxa4 55. Kd3 Ra3+ 56. Kc4 Rxg3 57. Rxd4 Rg4 0-1

[Event "GER Cup Net Final-B U2000"]
[Site "Playchess.com INT"]
[Date "2020.06.06"]
[Round "2"]
[White "Ochmann, Reimund"]
[Black "Ho, Ngoc Hai Dang"]
[Result "1-0"]
[WhiteElo "1845"]
[BlackElo "1763"]
[PlyCount "57"]
[EventDate "2020.06.06"]
[EventType "swiss (blitz)"]
[EventRounds "13"]
[EventCountry "GER"]
[SourceTitle "CBM 197 Extra"]
[Source "ChessBase"]
[SourceDate "2020.09.30"]
[SourceVersion "1"]
[SourceVersionDate "2020.09.30"]
[SourceQuality "1"]

1. e4 e5 2. Nf3 Nc6 3. d4 exd4 4. Bc4 Bc5 5. c3 Nf6 6. cxd4 Bb4+ 7. Nc3 Bxc3+ 8. bxc3 d5 9. exd5 Nxd5 10. 0-0 0-0 11. Ng5 h6 12. Ne4 Bf5 13. Ng3 Bg6 14. Bd2 Nb6 15. Bb3 a5 16. a4 Re8 17. Qg4 Qf6 18. Rfe1 Rad8 19. Rad1 Ne7 20. Bf4 Ned5 21. Be5 Qg5 22. Qf3 Kh7 23. c4 Nb4 24. Bxc7 Rxe1+ 25. Rxe1 Rxd4 26. Bxb6 Rd3 27. Re3 Qe7 28. Rxe7 Rxf3 29. gxf3 1-0

[Event "GER Cup Net V4 U2000"]
[Site "Playchess.com INT"]
[Date "2020.05.31"]
[Round "3"]
[White "Ho, Ngoc Hai Dang"]
[Black "Schmitt, Carsten1111"]
[Result "1-0"]
[WhiteElo "1748"]
[BlackElo "1793"]
[PlyCount "101"]
[EventDate "2020.05.31"]
[EventType "swiss (blitz)"]
[EventRounds "9"]
[EventCountry "GER"]
[SourceTitle "EXT 2021"]
[Source "ChessBase"]
[SourceDate "2020.10.23"]
[SourceVersion "1"]
[SourceVersionDate "2020.10.23"]
[SourceQuality "1"]

1. e4 e6 2. b3 d5 3. Bb2 d4 4. Nf3 c5 5. Bb5+ Bd7 6. Bxd7+ Qxd7 7. Qe2 Nc6 8. 0-0 Nf6 9. Na3 a6 10. Nc4 Rd8 11. Nfe5 Qc7 12. Nxc6 Qxc6 13. d3 b5 14. Ne5 Qc7 15. f4 Bd6 16. Bc1 Bxe5 17. fxe5 Qxe5 18. Bf4 Qh5 19. Qxh5 Nxh5 20. Bg5 f6 21. Bd2 g6 22. g4 Ng7 23. Rxf6 Ke7 24. Raf1 Rdf8 25. Bg5 Ke8 26. Bh6 Rxf6 27. Rxf6 Rg8 28. Bxg7 Rxg7 29. Rxe6+ Kf8 30. Rxa6 Rf7 31. Kg2 Rf4 32. h3 h5 33. gxh5 gxh5 34. Rb6 b4 35. Rc6 Rf7 36. Rxc5 Rg7+ 37. Kf2 h4 38. Rd5 Rf7+ 39. Rf5 Rxf5+ 40. exf5 Kf7 41. Kf3 Kf6 42. Kf4 Kf7 43. Kg5 Kg7 44. Kxh4 Kf6 45. Kg4 Kg7 46. Kg5 Kf7 47. f6 Kg8 48. Kg6 Kf8 49. f7 Ke7 50. Kg7 Ke6 51. f8Q 1-0

[Event "GER Cup Net V4 U2000"]
[Site "Playchess.com INT"]
[Date "2020.05.31"]
[Round "8"]
[White "Schaefer, Konstantin"]
[Black "Ho, Ngoc Hai Dang"]
[Result "0-1"]
[WhiteElo "1729"]
[BlackElo "1742"]
[PlyCount "32"]
[EventDate "2020.05.31"]
[EventType "swiss (blitz)"]
[EventRounds "9"]
[EventCountry "GER"]
[SourceTitle "EXT 2021"]
[Source "ChessBase"]
[SourceDate "2020.10.23"]
[SourceVersion "1"]
[SourceVersionDate "2020.10.23"]
[SourceQuality "1"]

1. e4 e5 2. Nf3 Nc6 3. Bc4 Bc5 4. b4 Bb6 5. c3 Nf6 6. d3 d6 7. h3 h6 8. 0-0 0-0 9. a4 a5 10. b5 Ne7 11. Be3 Ng6 12. Bxb6 cxb6 13. Nbd2 Nf4 14. Re1 N6h5 15. Nh2 Qg5 16. Ndf3 Qxg2# 0-1

[Event "GER Cup Net V3 U2000"]
[Site "Playchess.com INT"]
[Date "2020.05.27"]
[Round "9"]
[White "Serreck, Uwe"]
[Black "Ho, Ngoc Hai Dang"]
[Result "1-0"]
[WhiteElo "1718"]
[BlackElo "1715"]
[PlyCount "37"]
[EventDate "2020.05.27"]
[EventType "swiss (blitz)"]
[EventRounds "9"]
[EventCountry "GER"]
[SourceTitle "EXT 2021"]
[Source "ChessBase"]
[SourceDate "2020.10.23"]
[SourceVersion "1"]
[SourceVersionDate "2020.10.23"]
[SourceQuality "1"]

1. Nf3 b6 2. e4 Bb7 3. Nc3 e6 4. d4 Bb4 5. Bd3 Ne7 6. Qe2 0-0 7. 0-0 d5 8. e5 Nd7 9. Nd1 Nc8 10. Ne3 c5 11. c3 cxd4 12. cxd4 a6 13. Bb1 b5 14. Ng4 Ncb6 15. Ng5 h6 16. Nh7 Re8 17. Bxh6 gxh6 18. Nxh6+ Kh8 19. Nxf7+ 1-0

[Event "GER Cup Net V2 U2000"]
[Site "Playchess.com INT"]
[Date "2020.05.22"]
[Round "3"]
[White "Ho, Ngoc Hai Dang"]
[Black "Niemann, Alexander"]
[Result "1-0"]
[WhiteElo "1654"]
[BlackElo "1814"]
[PlyCount "61"]
[EventDate "2020.05.22"]
[EventType "swiss (blitz)"]
[EventRounds "9"]
[EventCountry "GER"]
[SourceTitle "EXT 2021"]
[Source "ChessBase"]
[SourceDate "2020.10.23"]
[SourceVersion "1"]
[SourceVersionDate "2020.10.23"]
[SourceQuality "1"]

1. e4 c5 2. Nf3 d6 3. d4 cxd4 4. Nxd4 Nf6 5. Nc3 g6 6. Bc4 Bg7 7. Be3 Nc6 8. Bb3 0-0 9. f3 Bd7 10. Qd2 Rc8 11. 0-0-0 a6 12. h4 b5 13. h5 Nxh5 14. g4 Nf6 15. Bh6 Nxd4 16. Qxd4 Ne8 17. Bxg7 Nxg7 18. Rh6 e5 19. Qe3 Ne8 20. Rdh1 Nf6 21. Nd5 Be6 22. Nxf6+ Qxf6 23. Rxh7 Bxb3 24. axb3 Qf4 25. Qxf4 exf4 26. g5 f6 27. gxf6 Rxc2+ 28. Kxc2 Rc8+ 29. Kb1 Re8 30. Rg7+ Kf8 31. Rh8# 1-0

[Event "GER Cup Net V2 U2000"]
[Site "Playchess.com INT"]
[Date "2020.05.22"]
[Round "4"]
[White "Moewisch, Dave"]
[Black "Ho, Ngoc Hai Dang"]
[Result "1-0"]
[WhiteElo "1760"]
[BlackElo "1678"]
[PlyCount "71"]
[EventDate "2020.05.22"]
[EventType "swiss (blitz)"]
[EventRounds "9"]
[EventCountry "GER"]
[SourceTitle "EXT 2021"]
[Source "ChessBase"]
[SourceDate "2020.10.23"]
[SourceVersion "1"]
[SourceVersionDate "2020.10.23"]
[SourceQuality "1"]

1. e4 e5 2. Nf3 Nc6 3. Bc4 Bc5 4. c3 Nf6 5. d4 exd4 6. e5 d5 7. Bb5 Ne4 8. cxd4 Bb4+ 9. Nbd2 Bg4 10. Qb3 Bxf3 11. Qxb4 Nxd2 12. Bxd2 Be4 13. 0-0 Qe7 14. Bxc6+ bxc6 15. Qa4 Kd7 16. Bb4 Qe6 17. f3 Bd3 18. Rf2 Rab8 19. Ba3 a6 20. Rc1 Bb5 21. Qc2 a5 22. Bc5 a4 23. f4 g6 24. f5 gxf5 25. Rxf5 Rhg8 26. Qf2 Rg7 27. g3 Rbg8 28. Rf6 Qe8 29. Re1 Bd3 30. Re3 Be4 31. Qf4 h5 32. Rc3 h4 33. Qxh4 Rg4 34. Qh3 R8g6 35. Rxg6 Bxg6 36. Qxg4+ 1-0

[Event "GER Cup Net V1 U2000"]
[Site "Playchess.com INT"]
[Date "2020.05.19"]
[Round "5"]
[White "Tschendel, Roland"]
[Black "Ho, Ngoc Hai Dang"]
[Result "0-1"]
[WhiteElo "1453"]
[BlackElo "1632"]
[PlyCount "100"]
[EventDate "2020.05.19"]
[EventType "swiss (blitz)"]
[EventRounds "9"]
[EventCountry "GER"]
[SourceTitle "EXT 2021"]
[Source "ChessBase"]
[SourceDate "2020.10.23"]
[SourceVersion "1"]
[SourceVersionDate "2020.10.23"]
[SourceQuality "1"]

1. d4 Nf6 2. c4 e5 3. dxe5 Ng4 4. Bf4 Nc6 5. Nf3 Bb4+ 6. Nbd2 Qe7 7. e3 Ngxe5 8. Nxe5 Nxe5 9. Be2 d6 10. 0-0 Bxd2 11. Qxd2 0-0 12. Rfd1 Be6 13. Rac1 Rad8 14. e4 Rfe8 15. f3 Ng6 16. Be3 f5 17. Bg5 Qf7 18. Bxd8 Rxd8 19. exf5 Bxf5 20. Qd5 Re8 21. Qxf7+ Kxf7 22. Kf2 Ne5 23. g4 Bd7 24. h3 Ng6 25. Rd4 Bc6 26. b4 b6 27. c5 dxc5 28. bxc5 b5 29. Bd3 Ne5 30. Be4 Bxe4 31. fxe4 Nc6 32. Rd7+ Re7 33. Rxe7+ Kxe7 34. Rd1 Ke6 35. Ke3 a5 36. h4 Ne5 37. g5 Nc6 38. Kf4 b4 39. Rd5 a4 40. h5 b3 41. axb3 a3 42. Rd1 a2 43. Ra1 Nb4 44. e5 c6 45. g6 hxg6 46. Rd1 Nd5+ 47. Kg5 gxh5 48. Kxh5 Kxe5 49. Kg6 Nc3 50. b4 Nxd1 0-1

[Event "GER-ch U18 sf Berlin Online"]
[Site "Playchess.com INT"]
[Date "2020.05.01"]
[Round "12"]
[White "Bardorz, Jana"]
[Black "Ho, Ngoc Hai Dang"]
[Result "1-0"]
[WhiteElo "1770"]
[BlackElo "1620"]
[PlyCount "81"]
[EventDate "2020.05.01"]
[EventType "swiss (blitz)"]
[EventRounds "13"]
[EventCountry "GER"]
[SourceTitle "CBM 195 Extra"]
[Source "ChessBase"]
[SourceDate "2020.05.31"]
[SourceVersion "1"]
[SourceVersionDate "2020.05.31"]
[SourceQuality "1"]

1. e4 e5 2. Nf3 Nc6 3. Nc3 Bc5 4. Nxe5 Nxe5 5. d4 Bd6 6. dxe5 Bxe5 7. Bc4 Bxc3+ 8. bxc3 Nf6 9. e5 Qe7 10. 0-0 Ne4 11. Qd4 Nc5 12. f4 Ne6 13. Qe4 Nc5 14. Qd5 c6 15. Qd4 Ne6 16. Qe4 b5 17. Bb3 Nc5 18. Qf3 Bb7 19. Ba3 a5 20. Qe3 d6 21. Rad1 0-0-0 22. Rxd6 Rxd6 23. Bxc5 Re8 24. Bxd6 Qxd6 25. Qb6 Qc7 26. Qxc7+ Kxc7 27. Bxf7 Rd8 28. Kf2 Rd2+ 29. Ke3 Rxc2 30. Rf2 Rxc3+ 31. Kd4 b4 32. e6 Kd6 33. Re2 Ke7 34. f5 c5+ 35. Ke5 a4 36. g4 b3 37. axb3 axb3 38. g5 Bc6 39. f6+ gxf6+ 40. gxf6+ Kf8 41. Rd2 1-0

[Event "Berlin Spandau op"]
[Site "Berlin"]
[Date "2019.12.27"]
[Round "1"]
[White "Reyer, Ulli"]
[Black "Ho, Ngoc Hai Dang"]
[Result "1-0"]
[WhiteElo "2075"]
[BlackElo "1650"]
[PlyCount "41"]
[EventDate "2019.12.27"]
[EventType "swiss"]
[EventRounds "7"]
[EventCountry "GER"]
[SourceTitle "CBM 194 Extra"]
[Source "ChessBase"]
[SourceDate "2020.03.31"]
[SourceVersion "1"]
[SourceVersionDate "2020.03.31"]
[SourceQuality "1"]

1. e4 e5 2. Nf3 Nc6 3. Bc4 Bc5 4. c3 Nf6 5. d3 d6 6. Nbd2 0-0 7. Bb3 Bb6 8. h3 h6 9. Nf1 Ne7 10. Nh4 d5 11. Qf3 Qd6 12. Ng3 dxe4 13. dxe4 Nh7 14. 0-0 Qf6 15. Nhf5 Nxf5 16. exf5 Rd8 17. Qg4 g6 18. Qxg6+ Qxg6 19. fxg6 Ng5 20. gxf7+ Nxf7 21. Bxh6 1-0

[Event "Berlin Lichtenrade op 15th"]
[Site "Berlin"]
[Date "2019.10.12"]
[Round "1"]
[White "Katzir, Moshe"]
[Black "Ho, Ngoc Hai Dang"]
[Result "1-0"]
[WhiteElo "2125"]
[BlackElo "1724"]
[PlyCount "73"]
[EventDate "2019.10.12"]
[EventType "swiss"]
[EventRounds "9"]
[EventCountry "GER"]
[SourceTitle "CBM 195 Extra"]
[Source "ChessBase"]
[SourceDate "2020.05.31"]
[SourceVersion "1"]
[SourceVersionDate "2020.05.31"]
[SourceQuality "1"]

1. e4 e5 2. Nc3 Nf6 3. g3 Bc5 4. Bg2 Nc6 5. Nge2 d6 6. 0-0 0-0 7. d3 h6 8. Na4 Bb6 9. Nxb6 axb6 10. c4 Bg4 11. f3 Be6 12. f4 Bg4 13. h3 Bxe2 14. Qxe2 Nd4 15. Qd1 Qd7 16. Be3 Nc6 17. f5 Kh7 18. g4 g5 19. h4 Rg8 20. hxg5 hxg5 21. Rf3 Rg7 22. Rh3+ Kg8 23. Kf2 Nh7 24. a3 f6 25. Qd2 Qf7 26. Rah1 Kf8 27. Bf3 Ke7 28. Kg3 Rag8 29. Bd1 Nd4 30. Qb4 Nc6 31. Qa4 Nf8 32. c5 bxc5 33. Bb3 Qe8 34. Bxg8 Rxg8 35. Qb3 Rg7 36. Qxb7 Qd7 37. Rh8 1-0

[Event "Berlin Lichtenberger op 18th"]
[Site "Berlin"]
[Date "2019.08.19"]
[Round "3"]
[White "Ho, Ngoc Hai Dang"]
[Black "Fock, Sana"]
[Result "1/2-1/2"]
[WhiteElo "1642"]
[BlackElo "1800"]
[PlyCount "62"]
[EventDate "2019.08.17"]
[EventType "swiss"]
[EventRounds "9"]
[EventCountry "GER"]
[SourceTitle "EXT 2020"]
[Source "ChessBase"]
[SourceDate "2019.10.17"]
[SourceVersion "1"]
[SourceVersionDate "2019.10.17"]
[SourceQuality "1"]

1. e4 c5 2. Nf3 d6 3. d4 cxd4 4. Nxd4 Nf6 5. Nc3 a6 6. Bc4 e6 7. Bb3 Nbd7 8. Be3 Nc5 9. f3 Be7 10. Qd2 Qc7 11. 0-0 0-0 12. Rad1 b5 13. a3 Nxb3 14. Nxb3 Bb7 15. Qf2 Nd7 16. Rd2 Rac8 17. Rfd1 Ne5 18. Bb6 Qb8 19. Na5 Nc4 20. Nxc4 Rxc4 21. Bd4 e5 22. Be3 f5 23. exf5 Rxf5 24. Nd5 Bxd5 25. Rxd5 Qc8 26. c3 Qf8 27. Qd2 Qf7 28. Qf2 Qg6 29. Qg3 Qh5 30. Qf2 Qf7 31. Qe2 Qg6 1/2-1/2

[Event "Berlin-ch QT"]
[Site "Berlin"]
[Date "2019.04.24"]
[Round "5"]
[White "Ho, Ngoc Hai Dang"]
[Black "Steiner, Wolfram"]
[Result "0-1"]
[WhiteElo "1703"]
[BlackElo "1946"]
[PlyCount "73"]
[EventDate "2019.04.20"]
[EventType "swiss"]
[EventRounds "9"]
[EventCountry "GER"]
[SourceTitle "EXT 2020"]
[Source "ChessBase"]
[SourceDate "2019.10.17"]
[SourceVersion "1"]
[SourceVersionDate "2019.10.17"]
[SourceQuality "1"]

1. e4 e6 2. b3 d5 3. Bb2 dxe4 4. Nc3 Nf6 5. Qe2 Be7 6. 0-0-0 0-0 7. Nxe4 a5 8. a4 b6 9. g3 Ra7 10. Bg2 Nbd7 11. f4 Ba6 12. c4 Nd5 13. Qg4 N5f6 14. Nxf6+ Nxf6 15. Qe2 Qd6 16. Qe5 Qxe5 17. Bxe5 Ng4 18. Bd4 Rd8 19. Be3 Bb7 20. Bxb7 Rxb7 21. h3 Nf6 22. d3 c6 23. Nf3 b5 24. axb5 cxb5 25. Kc2 Rc8 26. Nd2 Nd5 27. Bd4 Nb4+ 28. Kc3 Rd7 29. Nf3 Rcd8 30. Rhe1 Nc6 31. Re4 b4+ 32. Kc2 Nxd4+ 33. Nxd4 Rxd4 34. Re5 Ra8 35. Ra1 Bd8 36. f5 Rd6 37. Rae1 0-1

[Event "Berlin Lichtenberger op 17th"]
[Site "Berlin"]
[Date "2018.08.21"]
[Round "4"]
[White "Grillich, Alexander"]
[Black "Ho, Ngoc Hai Dang"]
[Result "0-1"]
[WhiteElo "1941"]
[BlackElo "1582"]
[PlyCount "120"]
[EventDate "2018.08.18"]
[EventType "swiss"]
[EventRounds "9"]
[EventCountry "GER"]
[SourceTitle "CBM 186 Extra"]
[Source "ChessBase"]
[SourceDate "2018.08.24"]
[SourceVersion "1"]
[SourceVersionDate "2018.08.24"]
[SourceQuality "1"]

1. e4 e5 2. Nf3 Nc6 3. d4 exd4 4. Nxd4 Bc5 5. Nxc6 dxc6 6. Qxd8+ Kxd8 7. Bc4 Ke7 8. Bf4 Bd6 9. e5 Bb4+ 10. c3 Ba5 11. 0-0 h6 12. Nd2 Be6 13. b4 Bb6 14. Rad1 g5 15. Bg3 h5 16. h4 g4 17. Bxe6 Kxe6 18. Ne4 Nh6 19. c4 a6 20. c5 Ba7 21. Ng5+ Ke7 22. e6 Rad8 23. Bxc7 Rxd1 24. Rxd1 fxe6 25. Rd6 Nf5 26. Rxe6+ Kd7 27. Be5 Re8 28. Rxe8 Kxe8 29. Ne4 Ke7 30. Nd6 Nxd6 31. Bxd6+ Ke6 32. f4 gxf3 33. gxf3 a5 34. a3 axb4 35. axb4 b6 36. Kg2 bxc5 37. bxc5 Kd5 38. Kf1 Bxc5 39. Bg3 Bb4 40. Ke2 Kc4 41. Ke3 Kd5 42. Bc7 Bc5+ 43. Kd3 Bf2 44. Bd8 c5 45. f4 c4+ 46. Kc3 Be1+ 47. Kc2 Bb4 48. f5 Ke5 49. f6 Ke6 50. Be7 Be1 51. Bd8 Kf7 52. Bc7 Kxf6 53. Bd8+ Kf5 54. Kd1 Bb4 55. Bg5 Kg4 56. Ke2 Bd6 57. Ke3 Bg3 58. Kd4 Bxh4 59. Be3 Bg3 60. Kxc4 h4 0-1

[Event "Berlin Lichtenberger op 17th"]
[Site "Berlin"]
[Date "2018.08.19"]
[Round "2"]
[White "Eichstaedt, Torsten"]
[Black "Ho, Ngoc Hai Dang"]
[Result "0-1"]
[WhiteElo "1361"]
[BlackElo "1582"]
[PlyCount "102"]
[EventDate "2018.08.18"]
[EventType "swiss"]
[EventRounds "9"]
[EventCountry "GER"]
[SourceTitle "CBM 186 Extra"]
[Source "ChessBase"]
[SourceDate "2018.08.24"]
[SourceVersion "1"]
[SourceVersionDate "2018.08.24"]
[SourceQuality "1"]

1. d4 Nf6 2. c4 e5 3. dxe5 Ng4 4. Nf3 Nc6 5. e6 Bb4+ 6. Nc3 Bxc3+ 7. bxc3 dxe6 8. Qxd8+ Nxd8 9. Bf4 c5 10. h3 Nf6 11. Nd2 Nc6 12. Bd6 b6 13. Rd1 Bb7 14. e3 0-0-0 15. Bg3 Rd7 16. Be2 Rhd8 17. e4 Na5 18. f3 Ba6 19. e5 Ne8 20. Ne4 Rxd1+ 21. Bxd1 h6 22. Be2 Bxc4 23. Nd6+ Nxd6 24. exd6 Bxe2 25. Kxe2 Nc4 26. Rd1 Kb7 27. Bh2 Kc6 28. d7 Rxd7 29. Rxd7 Kxd7 30. Kd3 b5 31. Bb8 a6 32. Bh2 Kc6 33. g4 Kd5 34. f4 a5 35. Bg1 a4 36. Bf2 b4 37. Kc2 Na3+ 38. Kb2 Kc4 39. Be1 Nb5 40. cxb4 cxb4 41. Kc2 b3+ 42. axb3+ axb3+ 43. Kb2 Nc7 44. Bc3 g6 45. Be5 Na6 46. Bf6 Nc5 47. g5 h5 48. h4 Na4+ 49. Kb1 b2 50. Bxb2 Nxb2 51. Kxb2 Kd4 0-1